Ενάλια

Αποθηκεύτηκε σε:
Λεπτομέρειες βιβλιογραφικής εγγραφής
Συγγραφή απο Οργανισμό/Αρχή: Ινστιτούτο Εναλίων Αρχαιολογικών Ερευνών
Μορφή: Περιοδική έκδοση
Γλώσσα:Greek
Δημοσίευση: Αθήνα : Ινστιτούτο Εναλίων Αρχαιολογικών Ερευνών, 1989-
Θέματα:
Ετικέτες: Προσθήκη ετικέτας
Δεν υπάρχουν, Καταχωρήστε ετικέτα πρώτοι!

MARC

LEADER 00000cas a2200000 i 4500
001 1/85074
008 080515c19899999gr |||||||||||| ||gre||
022 |a 1106-5834 
035 |l 10097337 
040 |a GR-My-Ua  |b gre  |e AACR2  
041 0 |a gre 
082 0 |a 930.102804   |2 (23)  
110 2 |a Ινστιτούτο Εναλίων Αρχαιολογικών Ερευνών. 
222 0 |a Ενάλια  
245 1 0 |a Ενάλια   |h [περιοδικό]   |c Ινστιτούτο Εναλίων Αρχαιολογικών Ερευνών 
260 |a Αθήνα :   |b Ινστιτούτο Εναλίων Αρχαιολογικών Ερευνών,   |c 1989-  
300 |a  τ. :   |b εικ., χαρτ. ;   |c 28 εκ.  
310 |a Ετήσιο,   |b 1991-  
321 |a Τρημηνιαίο,   |b 1989-1991  
362 0 |a Τόμος. 1 (1989) -  
500 |a Η βιβλιοθήκη του παραρτήματος Ρόδου έχει στο αρχείο της τους εξής τόμους του περιοδικού: Τόμος VII (2003) και τόμο VIII (2004). Το περιοδικό δημοσιεύεται επίσης στην αγγλική γλώσσα.  
650 0 0 |a Underwater archaeology  |x Periodicals. 
710 2 |a Ινστιτούτο Εναλίων Αρχαιολογικών Ερευνών. 
853 |a INST  |b RHODES  |c SER  |h 930.102804 
901 |a BIBL4-2008-2 
920 |a Δωρεά Βιβλιοθήκης   |y Ρόδος  |z 2008-05 
922 |a 4ΕΛΗ  |b 2008-05 
970 |a Κόζα   |b Μαρία  |z 2008-05-15